000 00307nam a22001337a 4500
008 170607b xxu||||| |||| 00| 0 eng d
020 _a0669946982
041 _aeng
080 _a94(7/8)
100 _a18
101 _aSHH
245 _aAMERICAN FOREIGN POLICY A HISTORY
_cPATERSON,TH.G
942 _2udc
_cBK
999 _c16234
_d16234